000 003790000a22001450004500
060 _a100
082 _a582.130 458 HUT;04
100 _aHutchinson, J
245 _aEvolution and phyogency of flowering plants: Dicotyledons: Facts and theory
260 _aLondon, Academic press
260 _c1969
300 _a717
650 _aFlowering plants/ Dcotyledons
942 _cBK
999 _c361190
_d361190